[Event "IRQ-ch"]
[Site "Baghdad"]
[Date "2022.08.26"]
[Round "5"]
[White "Ali, Basem Mouhsin"]
[Black "Abdullah, Sinan Kareem"]
[Result "1-0"]
[WhiteElo "1721"]
[BlackElo "1456"]
[PlyCount "75"]
[EventDate "2022.08.24"]
[EventType "swiss"]
[EventRounds "9"]
[EventCountry "IRQ"]
[SourceTitle "CBM 210 Extra"]
[Source "ChessBase"]
[SourceDate "2022.11.30"]
[SourceVersion "1"]
[SourceVersionDate "2022.11.30"]
[SourceQuality "1"]

1. e4 c6 2. Nc3 d5 3. Nf3 Nf6 4. e5 Ne4 5. Ne2 Qb6 6. d4 e6 7. Nfg1 f6 8. f3 Ng5 9. h4 Nf7 10. f4 Bd7 11. Nf3 c5 12. c3 Nc6 13. a3 a5 14. h5 a4 15. Rb1 cxd4 16. cxd4 Bxa3 17. Nc3 Bb4 18. Qd3 Na5 19. Kf2 Nc4 20. Kg3 Ke7 21. Qc2 Qc7 22. Bxc4 Qxc4 23. Re1 f5 24. Nh4 Qxd4 25. Nxf5+ exf5 26. e6 Bxe6 27. Qxf5 Nd8 28. Qg5+ Kf7 29. f5 Bd6+ 30. Kh3 Qd3+ 31. Be3 Bxf5+ 32. g4 Be6 33. Rbd1 Qc4 34. Bd4 Rg8 35. Rd2 Ke8 36. Nxd5 Qb3+ 37. Re3 Qxe3+ 38. Nxe3 1-0